[Event "Carvalho Memorial op"]
[Site "Juazeiro do Norte"]
[Date "2011.10.14"]
[Round "2.11"]
[White "Silva, Jose Celio Ernesto"]
[Black "Ferreira, Francisco Jr"]
[Result "1-0"]
[WhiteElo "1840"]
[BlackElo "1790"]
[PlyCount "35"]
[EventDate "2011.10.14"]
[EventType "swiss"]
[EventRounds "6"]
[EventCountry "BRA"]
[SourceTitle "EXT 2012"]
[Source "ChessBase"]
[SourceDate "2011.11.24"]
[SourceVersion "1"]
[SourceVersionDate "2011.11.24"]
[SourceQuality "1"]

1. e4 e5 2. Nf3 Nf6 3. Nxe5 d6 4. Nf3 Nxe4 5. Nc3 d5 6. Bd3 Bf5 7. Qe2 Qe7 8. Nxd5 Qc5 9. Bxe4 Bd6 10. d4 Qa5+ 11. Bd2 Qa4 12. Bxf5+ Kd8 13. 0-0 Re8 14. Qd3 Nc6 15. b3 Qa3 16. Bh3 a5 17. Qf5 Nb8 18. Qc8# 1-0